Schaum's outline of theory and problems of bookkeeping and accounting /

Saved in:
Bibliographic Details
Main Author: Lerner, Joel J.
Format: Book
Language:English
Published: New York : McGraw-Hill, c1978.
Series:Schaum's outline series.
Subjects:
LEADER 01061nam a2200289 i 4500
001 c000383497
003 CARM
005 00000000000000.0
008 771011s1978 nyua 00110 eng
019 1 |a 1039803  |5 LACONCORD2021 
020 |a 0070372217 :  |c $3.95 
035 |a (OCoLC)3380431  |5 LACONCORD2021 
040 |a VDU  |c VDU 
050 0 0 |a HF5661  |b .L46 
082 0 4 |a 657/.076 
100 1 |a Lerner, Joel J. 
245 1 0 |a Schaum's outline of theory and problems of bookkeeping and accounting /  |c by Joel J. Lerner. 
260 |a New York :  |b McGraw-Hill,  |c c1978. 
300 |a 271 p. :  |b ill. ;  |c 28 cm. 
490 0 |a Schaum's outline series. 
500 |a Includes index. 
650 0 |a Bookkeeping  |x Problems, exercises, etc. 
650 0 |a Accounting  |x Problems, exercises, etc. 
740 1 |a Bookkeeping and accounting. 
852 8 |b CARM  |h A3:AI16C0  |i F07848  |p 0476129  |f BK 
999 f f |i 9942820c-cbdd-51cb-9ff4-4ee2c02e48b9  |s 71e117ee-d7a7-5fb9-840a-5db729ece64f 
952 f f |p Can circulate  |a CAVAL  |b CAVAL  |c CAVAL  |d CARM 1 Store  |e F07848  |f A3:AI16C0  |h Other scheme  |i book  |m 0476129